000
00249nam a22001097a 4500
082
_a
909 HUN'M
100
_a
HUNINGTON, ELLSWORTH
_9
60477
245
_a
MAINSPRINGS OF CIVILIZATUON
260
_a
NEWYORK
_b
MENTOR
_c
1959
300
_a
669P
942
_c
BK
999
_c
570182
_d
570182